Quizzes
Events
Quiz Creation
Community
Videos
Private Events
Remove Ads
Sign In
Join for FREE
Feedback
Dark Mode
Quiz Categories
Sports
Geography
Music
Movies
Television
Just For Fun
Miscellaneous
History
Literature
Language
Science
Gaming
Entertainment
Religion
Holiday
For Kids
Quiz Lab
Recent
Popular Today
Quiz Kudos Today
Editor Picks
Curator Picks
Quizzes by...
Day
Popularity
Type
Ratings
Length
Year
Community
Subscriptions
Recent Discussions
Orange Saloon
Badges
Playlists
Quests
Create
Leaderboards
Showdown
Live 5
Trivia Bingo
Activity
Puzzle Library
Sporcle Events
Private Events
Virtual Trivia
Globe League
Become a Host
Pub Owners
SporcleCon
Opinionation
Our Games
Videos
Blog
Mobile Apps
Partnerships
Remove Ads and Go Orange
Feedback
Sports
Athletes
MLB
NBA
NHL
NFL
Soccer
Sports Teams
WWE
NCAA
Football
Premier League
Basketball
Baseball
Hockey
Golf
Tennis
Cricket
Rugby
Auto Racing
Olympics
World Cup
Sports
Athletes
MLB
NBA
NHL
NFL
Soccer
Sports Teams
WWE
NCAA
Football
Premier League
Basketball
Baseball
Hockey
Golf
Tennis
Cricket
Rugby
Auto Racing
Olympics
World Cup
Random Quiz
Search Sporcle
×
Quiz Lab
Quiz Lab
Sports
Premier League
Type in answers that appear in a list
Type in answers that appear in a list
Classic
Best Score? Go Orange.
Previous Football Managers Stats
Can you name the managers of the Premiership clubs prior to the current incumbents?
By
reubenagboola
4m
20 Questions
606 Plays
606 Plays
606 Plays
Comments
Comments
Give Quiz Kudos
Give Quiz Kudos
-
- Ratings
hide this ad
Random Order
Randomize order of answers
Randomize order of answers
Replay
Link that replays current quiz
Next Quiz
Link to next quiz in quiz playlist
You Got
0%
They Got
Avg Score
54%
Avg Friend Score
Upgrade to see
Score Distribution
Jump to the score distribution portion of the page
Score
0/20
Timer
04:00
0
Plays Today
Club
Previous Manager
% Correct
West Ham United
Sam Allardyce
79.4%
Manchester City
Roberto Mancini
78.4%
Liverpool
Roy Hodgson
76.4%
Manchester United
David Moyes
67.5%
Chelsea
Rafa Benitez
66.7%
Tottenham Hotspur
Tim Sherwood
65%
Aston Villa
Paul Lambert
61.4%
Leicester City
Sven Goran Eriksson
57.1%
Watford
Billy McKinlay
56.9%
Everton
David Moyes
52.3%
Club
Previous Manager
% Correct
AFC Bournemouth
Paul Groves
51.3%
Arsenal
Bruce Rioch
48.7%
Sunderland
Dick Advocaat
39.3%
Newcastle United
Alan Pardew
34.2%
West Bromwich Albion
Steve Clarke
27.1%
Southampton
Mauricio Pochettino
22.6%
Swansea City
Michael Laudrup
16.5%
Stoke City
Tony Pulis
11.9%
Norwich City
Neil Adams
7.3%
Crystal Palace
Neil Warnock
6.6%
Quiz Playlist
Details
Report
Send in Message
Add To Playlist
Classic:
Type in answers that appear in a list
Random Order:
Randomize order of answers
Last Updated: Feb 16, 2017
Quiz Scoreboard
CHALLENGE
Sign Up to Join the Scoreboard
Show All
Scores
Hide
Comments
May contain spoilers
Recently Published
Pick 6: Fruits
by JohnFran
Miscellaneous
15s
Click the 1999 NBA Draft
by nibperrychub
Sports
2m
Alphabetical 'K' Countries by Flag Minefield
by ylime102
Geography
3m
More to Explore
Quiz From the Vault
Featured Blog Post
15 Basketball Trivia Facts You Can Be March Mad About
hide this ad
You Might Also Like...
Tags
Football Quiz
Premier League Quiz
club
incumbent
Manager
prior
Today's Top Quizzes in Sports
Browse Sports
hide this ad
Today's Top Quizzes in Premier League
Browse Premier League
Top Contributed Quizzes in Sports
1
Don't Strike Out: 3000 Strikeouts
2
MLB 2 truths and a lie: Hall of Fame pitchers
3
Pick 6: NFL Teams
4
Criteria MLB: Left Handed Sluggers
5
MLB Players with Two .350 Batting Average Seasons
6
2022 World Cup Stars
7
Les joueurs à 100 buts en Ligue 1 Uber Eats
8
Millionaire: NBA Finals Edition
9
Pick 6: Minor League Baseball
10
Last 10 Members of the 500 HR Club in Order
Explore More
Trending Topics
Anime
NBA
Kpop
Harry Potter
Crossword
Marvel
Disney
Country
NFL
Soccer
Song
WWE
Puzzle
The Office
Pokémon
hide this ad
More By:
reubenagboola
Quiz
Plays
Rating
Category
Featured
Created
played for both Sunderland and Newcastle
860
1.00
Sports
Oct 5, 2009
Previous Football Managers
606
4.80
Sports
Oct 13, 2009
Never played in the Top-Flight
393
3.86
Sports
May 5, 2010
Cryptic Descriptions of English football teams
366
5.00
Sports
Jul 27, 2011
Former Football Club Names
168
4.00
Sports
Oct 4, 2009
Go to Creator's Profile
Score Distribution
Quiz Creator Spotlight
reubenagboola
Follow
Send a Message
Quizzes Created
-
Created Quiz Play Count
-
More By This Creator
Popular Quizzes Today
1
Find the US States - No Outlines Minefield
2
Countries of Asia Without Outlines Minefield
3
Pick 6: Fruits
4
The Countries of the World
5
Alphabetical 'K' Countries by Flag Minefield
6
Click the 1999 NBA Draft
7
Find the US States
8
Match the Book to the Film X
More Sports Quizzes
UEFA Nations without Champions League Group Stage Club
Curator's Pick
Trending Quizzes
Pick 6: Harry Potter
Pick 6: Mountains
Pick 6: NFL Teams
Pick 6: Movie Franchises
Pick 6: Golfers
Recently Updated
Women's Final Four Teams by Year
bhenderson79
Presidents Quartet II
eogle
Anything But Clue(do)
eogle
Anything But Oceanian Capitals
eogle
Anything But 7
eogle
Anything But Thing
eogle
Word Ladder: February 29
pecheneg
Song Title Questions
pecheneg
Women's NCAA Tournament #1 Seeds
pecheneg
Celebrity Mug Shots
pecheneg
Trending Topics
NBA
Marvel
Disney
Kpop
Crossword
Anime
Harry Potter
Puzzle
Pokémon
Song
Soccer
NFL
Country
The Office
WWE
Your Account Isn't Verified!
In order to create a playlist on Sporcle, you need to verify the email address you used during registration. Go to your
Sporcle Settings
to finish the process.
Report this User
Report this user for behavior that violates our
Community Guidelines
.
Details:
Send Report
Go to the Sporcle.com Mobile Site →
Comments